<?xml version="1.0" encoding="UTF-8"?>
<record
    xmlns:xsi="http://www.w3.org/2001/XMLSchema-instance"
    xsi:schemaLocation="http://www.loc.gov/MARC21/slim http://www.loc.gov/standards/marcxml/schema/MARC21slim.xsd"
    xmlns="http://www.loc.gov/MARC21/slim">

  <leader>01332nam a2200241 a 4500</leader>
  <controlfield tag="001">BRCA_9003</controlfield>
  <controlfield tag="005">20190320210504.0</controlfield>
  <controlfield tag="008">180717s1633----fr-#######---#000-0#lat-#</controlfield>
  <datafield tag="041" ind1=" " ind2=" ">
    <subfield code="a">lat</subfield>
  </datafield>
  <datafield tag="044" ind1=" " ind2=" ">
    <subfield code="a">fr</subfield>
  </datafield>
  <datafield tag="084" ind1=" " ind2=" ">
    <subfield code="a">CO6</subfield>
    <subfield code="b">.M46 1633</subfield>
  </datafield>
  <datafield tag="100" ind1="1" ind2=" ">
    <subfield code="a">Mendoza, Francisco de (S.I.)</subfield>
    <subfield code="d">1572 - 1626</subfield>
    <subfield code="9">22343</subfield>
  </datafield>
  <datafield tag="245" ind1="1" ind2="0">
    <subfield code="a">Francisci de Mendoc?a Olysiponensis,  e&#xB4; Societate Iesv doctoris theologi, in Eborensi academia quondam sacrarum literarum interpretis, Commentariorum in IV. libros regvm Tomus tertius, Indicibus necessariis illustratus</subfield>
    <subfield code="b">Nunc secundo prodit.</subfield>
  </datafield>
  <datafield tag="260" ind1=" " ind2=" ">
    <subfield code="a">Lugduni</subfield>
    <subfield code="b">sumptib. Iacobi Cardon</subfield>
    <subfield code="c">1633</subfield>
  </datafield>
  <datafield tag="300" ind1=" " ind2=" ">
    <subfield code="a">[31], 432 p. (t.3)</subfield>
    <subfield code="c">35.5 x 24 cm</subfield>
  </datafield>
  <datafield tag="500" ind1=" " ind2=" ">
    <subfield code="a">Cum Privilegio Reg&#xFA;</subfield>
  </datafield>
  <datafield tag="500" ind1=" " ind2=" ">
    <subfield code="a">Con marca de fuego: &#x201C;Procedencia de la marca: Seminario Conciliar de M&#xE9;xico. Instituci&#xF3;n: Seminario Conciliar de M&#xE9;xico. Descripci&#xF3;n: Monograma que se desglosa como &#xB4;Seminario&#xB4;. Ubicaci&#xF3;n de la marca en el libro: Canto superior&#x201D;</subfield>
  </datafield>
  <datafield tag="500" ind1=" " ind2=" ">
    <subfield code="a">Estado f&#xED;sico: presenta encuadernaci&#xF3;n en pergamino con cantos decorados, presencia del pez de plata y carece de cintas</subfield>
  </datafield>
  <datafield tag="630" ind1="0" ind2="4">
    <subfield code="a">Biblia</subfield>
    <subfield code="p">Antiguo testamento</subfield>
    <subfield code="v">Comentarios</subfield>
    <subfield code="9">22344</subfield>
  </datafield>
  <datafield tag="856" ind1=" " ind2=" ">
    <subfield code="a">http://www.marcasdefuego.buap.mx:8180/xmLibris/projects/firebrand/item.jsp?repository=marcas_de_fuego&amp;key=3fc5759b.xml&amp;num=0</subfield>
  </datafield>
  <datafield tag="902" ind1=" " ind2=" ">
    <subfield code="a">CFM</subfield>
  </datafield>
  <datafield tag="942" ind1=" " ind2=" ">
    <subfield code="2">lcc</subfield>
    <subfield code="c">B</subfield>
  </datafield>
  <datafield tag="999" ind1=" " ind2=" ">
    <subfield code="c">8654</subfield>
    <subfield code="d">8654</subfield>
  </datafield>
  <datafield tag="952" ind1=" " ind2=" ">
    <subfield code="0">0</subfield>
    <subfield code="1">0</subfield>
    <subfield code="4">0</subfield>
    <subfield code="7">0</subfield>
    <subfield code="a">BRCA</subfield>
    <subfield code="b">BRCA</subfield>
    <subfield code="d">2017-07-18</subfield>
    <subfield code="l">0</subfield>
    <subfield code="o">CO6 .M46 1633</subfield>
    <subfield code="p">CFM00286</subfield>
    <subfield code="r">2019-03-22 00:00:00</subfield>
    <subfield code="w">2019-03-22</subfield>
    <subfield code="y">B</subfield>
  </datafield>
</record>
